000 00313nam a22001337a 4500
082 _a894.812.1
_bKAV/A
100 _aKAVILPPAD A B V
245 _aMALAYALAM SHORT STORY
250 _a1
260 _aTHRISSUR
_bH&C PUBLISHING HOUSE
_c1999
300 _a64
650 _aMALAYALAM SHORT STORIES
_zKERALA
942 _cBK
999 _c1282
_d1282